00680naa a2200157 a 450000100080000000500110000800800410001910000170006024500660007726000090014350001090015252001650026165300200042670000230044677300530046911206422014-04-22 2007 bl uuuu u00u1 u #d1 aSIMON, A. A. aA marca distintiva da extens??o rural.h[electronic resource] c2007 aO Artigo foi publicado em 10/10/2007 e esteve disponibilizado no site www.asbraer.org.br, em 06/12/2007. aO artigo trata do reconhecimento da extens??o rural pela sociedade rural e do seu protagonismo em diversas ??reas no mundo rural como uma marca que a distingue. aExtens??o rural1 aOLIVEIRA, M. A. D. tTribuna Independente, Macei??, AL, 10 out. 2007.